<?xml version="1.0" encoding="UTF-8"?>
<record
    xmlns:xsi="http://www.w3.org/2001/XMLSchema-instance"
    xsi:schemaLocation="http://www.loc.gov/MARC21/slim http://www.loc.gov/standards/marcxml/schema/MARC21slim.xsd"
    xmlns="http://www.loc.gov/MARC21/slim">

  <leader>01130nam a22002537a 4500</leader>
  <datafield tag="999" ind1=" " ind2=" ">
    <subfield code="c">7624</subfield>
    <subfield code="d">7624</subfield>
  </datafield>
  <controlfield tag="001">991024960369706706</controlfield>
  <controlfield tag="003">OSt</controlfield>
  <controlfield tag="005">20211228105126.0</controlfield>
  <controlfield tag="007">t </controlfield>
  <controlfield tag="008">990630s1996    sp a          000 0bspa c</controlfield>
  <datafield tag="017" ind1=" " ind2=" ">
    <subfield code="a">B-48947-1995</subfield>
  </datafield>
  <datafield tag="020" ind1=" " ind2=" ">
    <subfield code="a">8439547617</subfield>
  </datafield>
  <datafield tag="035" ind1=" " ind2=" ">
    <subfield code="a">(ES-BaCBU).b46503195</subfield>
  </datafield>
  <datafield tag="040" ind1=" " ind2=" ">
    <subfield code="a">ES-BaCBU</subfield>
    <subfield code="b">cat</subfield>
    <subfield code="c">CDMR</subfield>
  </datafield>
  <datafield tag="245" ind1="0" ind2="0">
    <subfield code="a">&#xCD;ndice general 1898-1995</subfield>
    <subfield code="h">[Fitxer inform&#xE0;tic]</subfield>
    <subfield code="b">: anuarios, temarios, protagonistas, d&#xE9;cadas /</subfield>
    <subfield code="c">presidente: Jos&#xE9; Manuel Lara Bosch ; director general: Antonio P&#xE9;rez Cobos ; creaci&#xF3;n del proyecto: Ricard Domingo</subfield>
  </datafield>
  <datafield tag="260" ind1=" " ind2=" ">
    <subfield code="a">[Barcelona] :</subfield>
    <subfield code="b">Difusora internacional,</subfield>
    <subfield code="c">DL 1995</subfield>
  </datafield>
  <datafield tag="300" ind1=" " ind2=" ">
    <subfield code="a">1 CD-ROM ;</subfield>
    <subfield code="c">12 cm +</subfield>
    <subfield code="e">1 guia de l'usuari ([2] p.)</subfield>
  </datafield>
  <datafield tag="500" ind1=" " ind2=" ">
    <subfield code="a">Requeriments del sistema: Ordinador personal de tipus 486SX/25 o superior ; 4 MB de mem&#xF2;ria RAM ; targeta gr&#xE0;fica amb una resoluci&#xF3; de 640x480 ; targeta de so de 8 bits ; lector de CD-ROM ; Windows 3.1 o Windows 95</subfield>
  </datafield>
  <datafield tag="700" ind1="1" ind2=" ">
    <subfield code="a">Lara Bosch, Jos&#xE9; Manuel,</subfield>
    <subfield code="d">.</subfield>
  </datafield>
  <datafield tag="700" ind1="1" ind2=" ">
    <subfield code="a">P&#xE9;rez Cobos, Antonio</subfield>
  </datafield>
  <datafield tag="907" ind1=" " ind2=" ">
    <subfield code="a">.b46503195</subfield>
    <subfield code="b">22-01-21</subfield>
    <subfield code="c">16-12-10</subfield>
    <subfield code="d">16-12-10</subfield>
    <subfield code="e">m</subfield>
    <subfield code="f">a</subfield>
    <subfield code="g">-</subfield>
    <subfield code="h">spa</subfield>
    <subfield code="i">sp</subfield>
    <subfield code="j">0</subfield>
    <subfield code="k">1</subfield>
  </datafield>
  <datafield tag="908" ind1=" " ind2=" ">
    <subfield code="a">URL</subfield>
  </datafield>
  <datafield tag="942" ind1=" " ind2=" ">
    <subfield code="2">udc</subfield>
    <subfield code="c">ADV</subfield>
  </datafield>
  <datafield tag="952" ind1=" " ind2=" ">
    <subfield code="0">0</subfield>
    <subfield code="1">0</subfield>
    <subfield code="4">0</subfield>
    <subfield code="7">0</subfield>
    <subfield code="a">CDMR</subfield>
    <subfield code="b">CDMR</subfield>
    <subfield code="d">2021-12-28</subfield>
    <subfield code="e">Donaci&#xF3;</subfield>
    <subfield code="l">0</subfield>
    <subfield code="o">Capsa CD's 11</subfield>
    <subfield code="p">CDMR21120155</subfield>
    <subfield code="r">2021-12-28</subfield>
    <subfield code="w">2021-12-28</subfield>
    <subfield code="y">ADV</subfield>
  </datafield>
</record>
